000 00767nam1a22002651 4500
001 RU\NLR\INFOCOMM18\ROSSICA\1000009706
005 20030621142326.0
035 _a(NLR Aleph) 009976766
090 _a9674810
_c9674810
100 _a20030621g18421856|||y0rusy50 ba
101 0 _alat
102 _aRU
105 _ay ||||000ay
200 1 _aFlora Baicalensi-Dahurica
_fNic. Tourtchaninoff
210 _aMosquae
_d1842-1856
215 _d
700 1 _6z01790
_aTurčaninov
_bN. S.
_cрус. ботаник
_f1796-1863/64
_gNikolaj Stepanovič
_4070
790 1 _6z01700
_aTourtchaninoff
_bN.
_gNic.
_4070
801 0 _aRU
_bNLR
_gPSBO
801 1 _aRU
_bInfoComm
_c20030621
852 _aNLR
_j13.21.2.2
942 _cBOOK
980 _aNB
980 _aRossica